İstiklal Harbi Gazetesi (Record no. 4220)

MARC details
000 -BAŞLIK
Sabit Uzunlukta Kontrol Alanı 00857na a2200265 4500
001 - KONTROL NUMARASI
Denetim Alanı 22588
003 - KONTROL NUMARASI IDENTIFIER
Denetim Alanı MIRAKIL
005 - SON İŞLEM TARİHİ VE ZAMANI
Denetim Alanı 20181213154957.0
008 - SABİT-BOY VERİ ELEMANLARI - GENEL BİLGİLER
Sabit Uzunlukta Kontrol Alanı 170217b tu 000 0
035 ## - SİSTEM KONTROL NUMARASI
Sistem Kontrol Numarası 14667
040 ## - KATALOGLAMA KAYNAK
Orijinal Kataloglama Ajansı Milas
Kataloglama Dili tur
Metne Dönüştürmek Ajansı TR-AnCHP
041 ## - DİL KODU
Metin / Ses Parça Veya Ayrı Başlığın Dil Kodu tur
082 ## - DEWEY ONLU SINIFLANDIRMA NUMARASI
Sınıflandırma Numarası 070.44
Ürün Numarası İ77 [t.y.]
090 ## - SINIFLAMA NUMARASI
Sınıflama Numarası 070.44 İ77 [t.y.]
245 ## - BAŞLIK TABLOSU
Başlık İstiklal Harbi Gazetesi
Sorumluluk Tablosu, Vb [hazırlayan Ömer Sami Coşar ; derleyen Karşıyaka Belediyesi
260 ## - YAYIN, DAĞITIM, VB
Yayın, Dağıtım, Vb Yeri [İzmir]
Yayıncı, Dağıtıcı, Vs Adı [Karşıyaka Belediyesi]
Yayın, Dağıtım, Vb Tarihi [t.y.]
300 ## - FİZİKSEL TANIM
Kapsam yklş. 200 s.
Diğer Fiziksel Ayrıntıları fotg.
Boyutlar 40 sm.
500 ## - GENEL NOT
Genel Not Karşıyaka Belediyesi'nin kültür hizmetidir
610 ## - KONU KATMA GİRİŞ - TOPLANTI ADI
Giriş Elemanı Olarak Kurumsal Ad Veya Yargı Alanı Adı İstiklal harbi gazetesi
Genel Alt Bölüm Tarih
Coğrafi Alt Bölüm Türkiye
650 ## - KONU KATMA GİRİŞ - TOPİKAL DÖNEM
Topikal Süreli Veya Coğrafi Ad Giriş Elemanı Türk gazeteleri
Genel Alt Bölümü Tarih
651 ## - KONU KATMA GİRİŞ - COĞRAFİ ADI
Coğrafi İsim Türkiye
Genel Alt Bölümü Tarih
Kronolojik Alt Bölümü Kurtuluş Savaşı, 1918-1923
700 ## - KATMA GİRİŞ - KİŞİSEL İSİM
Kişisel Ad Coşar, Ömer Sami
710 ## - KATMA GİRİŞ - KURUMSAL ADI
Giriş Elemanı Olarak Kurumsal Ad Veya Yargı Alanı Adı Karşıyaka Belediyesi
942 ## - EKLENDİ GİRİŞ ELEMANLARI (KOHA)
Sınıflandırma Veya Raf Düzeni Kaynak
Koha Öğesi Türü Books
999 ## - SİSTEM KONTROL NUMARALARI (KOHA)
Koha Biblionumber 4220
Koha Biblioitemnumber 4220
Holdings
Kalıcı Konum Mevcut Konum Edinme Tarihi Edinim Kaynak Toplam Check-Out'Lar Tam Çağrı Numarası Barkod Tarih Son Görülme İtibaren Geçerli Fiyatlar Koha Öğesi Türü
CHP Kütüphanesi CHP Kütüphanesi 02/17/2017 Bağış   070.44 İ77 [t.y.] 016617 02/17/2017 02/17/2017 Books